000 00587nam a22002297a 4500
003 OSt
005 20250619204646.0
008 250619b |||||||| |||| 00| 0 eng d
020 _a9780907679561
040 _aDLC
_bDLC
_cDLC
050 _aK1005
_b.6 1994
100 _aHarrison, Tom
245 _aBusiness Law
250 _aThird Edition
260 _aSunderland;
_bBusiness Education Publisher;
_cc1994
300 _axxx, 702 pp
490 _3Business Law
500 _aIncludes Index
700 _aJohn Ellison
_dJim Bedingfield
856 _3Business Law
942 _2lcc
_cBK
_n0
999 _c6605
_d6605